<?xml version="1.0" encoding="UTF-8"?>
<record
    xmlns:xsi="http://www.w3.org/2001/XMLSchema-instance"
    xsi:schemaLocation="http://www.loc.gov/MARC21/slim http://www.loc.gov/standards/marcxml/schema/MARC21slim.xsd"
    xmlns="http://www.loc.gov/MARC21/slim">

  <leader>01529nam0a22003491  4500</leader>
  <controlfield tag="001">RU\NLR\Evr\579</controlfield>
  <controlfield tag="005">20251202160538.0</controlfield>
  <datafield tag="035" ind1=" " ind2=" ">
    <subfield code="a">(NLR Aleph) 011416973</subfield>
  </datafield>
  <datafield tag="090" ind1=" " ind2=" ">
    <subfield code="a">11589114</subfield>
    <subfield code="c">11589114</subfield>
  </datafield>
  <datafield tag="100" ind1=" " ind2=" ">
    <subfield code="a">20061010d1931    u  y0rusy50      ca</subfield>
  </datafield>
  <datafield tag="101" ind1="0" ind2=" ">
    <subfield code="a">yid</subfield>
  </datafield>
  <datafield tag="102" ind1=" " ind2=" ">
    <subfield code="a">RU</subfield>
  </datafield>
  <datafield tag="105" ind1=" " ind2=" ">
    <subfield code="a">y |||||||||</subfield>
  </datafield>
  <datafield tag="200" ind1="1" ind2=" ">
    <subfield code="6">a01</subfield>
    <subfield code="7">ba</subfield>
    <subfield code="a">Vos darf visn der, vos vil ibervandern keyn Birebidzshan</subfield>
    <subfield code="f">Agronom L. Frukht</subfield>
  </datafield>
  <datafield tag="210" ind1=" " ind2=" ">
    <subfield code="6">a01</subfield>
    <subfield code="a">[Moskve]</subfield>
    <subfield code="c">Oysgabe fun "Komzet"</subfield>
    <subfield code="d">1931</subfield>
    <subfield code="7">ba</subfield>
  </datafield>
  <datafield tag="210" ind1=" " ind2=" ">
    <subfield code="6">a01</subfield>
    <subfield code="9">z02</subfield>
    <subfield code="a">[&#x5DE;&#x5D0;&#x5B8;&#x5E1;&#x5E7;&#x5D5;&#x5D5;&#x5E2;]</subfield>
    <subfield code="c">&#x5D0;&#x5D5;&#x5D9;&#x5E1;&#x5D2;&#x5D0;&#x5D1;&#x5E2; &#x5E4;&#x5D5;&#x5DF; &#x5E7;&#x5D0;&#x5B8;&#x5DE;&#x5E2;&#x5E8;&#x5D3;</subfield>
    <subfield code="d">1931</subfield>
  </datafield>
  <datafield tag="210" ind1=" " ind2=" ">
    <subfield code="9">z02</subfield>
    <subfield code="a">[&#x41C;&#x43E;&#x441;&#x43A;&#x432;&#x430;]</subfield>
    <subfield code="c">&#x418;&#x437;&#x434;&#x430;&#x43D;&#x438;&#x435; "&#x41A;&#x43E;&#x43C;&#x437;&#x435;&#x442;&#x430;"</subfield>
    <subfield code="d">1931</subfield>
    <subfield code="7">ca</subfield>
  </datafield>
  <datafield tag="215" ind1=" " ind2=" ">
    <subfield code="a">29 &#x441;.</subfield>
    <subfield code="d">15 &#x441;&#x43C;.</subfield>
  </datafield>
  <datafield tag="300" ind1=" " ind2=" ">
    <subfield code="a">&#x41C;&#x435;&#x441;&#x442;&#x43E; &#x438;&#x437;&#x434;&#x430;&#x43D;&#x438;&#x44F; &#x443;&#x43A;&#x430;&#x437;&#x430;&#x43D;&#x43E; &#x43D;&#x430; &#x43E;&#x431;&#x43E;&#x440;&#x43E;&#x442;&#x435; &#x442;&#x438;&#x442;. &#x43B;.</subfield>
  </datafield>
  <datafield tag="510" ind1="1" ind2=" ">
    <subfield code="6">a01</subfield>
    <subfield code="a">&#x5D5;&#x5D5;&#x5D0;&#x5B8;&#x5E1; &#x5D3;&#x5D0;&#x5E8;&#x5E3; &#x5D5;&#x5D5;&#x5D9;&#x5E1;&#x5DF; &#x5D3;&#x5E2;&#x5E8;, &#x5D5;&#x5D5;&#x5D0;&#x5B8;&#x5E1; &#x5D5;&#x5D5;&#x5D9;&#x5DC; &#x5D0;&#x5D9;&#x5D1;&#x5E2;&#x5E8;&#x5D5;&#x5D5;&#x5D0;&#x5E0;&#x5D3;&#x5E2;&#x5E8;&#x5DF; &#x5E7;&#x5D9;&#x5D9;&#x5DF; &#x5D1;&#x5D9;&#x5E8;&#x5E2;&#x5D1;&#x5D9;&#x5D3;&#x5D6;&#x5E9;&#x5D0;&#x5DF;</subfield>
    <subfield code="f">&#x5D0;&#x5D2;&#x5E8;&#x5D0;&#x5B8;&#x5E0;&#x5D0;&#x5B8;&#x5DD; &#x5DC;. &#x5E4;&#x5E8;&#x5D5;&#x5DB;&#x5D8;</subfield>
  </datafield>
  <datafield tag="517" ind1="1" ind2=" ">
    <subfield code="a">&#x427;&#x442;&#x43E; &#x434;&#x43E;&#x43B;&#x436;&#x435;&#x43D; &#x437;&#x43D;&#x430;&#x442;&#x44C; &#x43A;&#x430;&#x436;&#x434;&#x44B;&#x439; &#x43F;&#x435;&#x440;&#x435;&#x441;&#x435;&#x43B;&#x435;&#x43D;&#x446;, &#x43D;&#x430;&#x43F;&#x440;&#x430;&#x432;&#x43B;&#x44F;&#x44E;&#x449;&#x438;&#x439;&#x441;&#x44F; &#x432; &#x411;&#x438;&#x440;&#x43E;&#x431;&#x438;&#x434;&#x436;&#x430;&#x43D;?</subfield>
    <subfield code="z">rus</subfield>
  </datafield>
  <datafield tag="541" ind1="1" ind2=" ">
    <subfield code="a">&#x427;&#x442;&#x43E; &#x434;&#x43E;&#x43B;&#x436;&#x435;&#x43D; &#x437;&#x43D;&#x430;&#x442;&#x44C; &#x442;&#x43E;&#x442;, &#x43A;&#x442;&#x43E; &#x445;&#x43E;&#x447;&#x435;&#x442; &#x43F;&#x435;&#x440;&#x435;&#x441;&#x435;&#x43B;&#x438;&#x442;&#x44C;&#x441;&#x44F; &#x432; &#x411;&#x438;&#x440;&#x435;&#x431;&#x438;&#x434;&#x436;&#x430;&#x43D;</subfield>
    <subfield code="z">rus</subfield>
  </datafield>
  <datafield tag="700" ind1=" " ind2="1">
    <subfield code="a">&#x424;&#x440;&#x443;&#x445;&#x442;</subfield>
    <subfield code="b">&#x41B;.&#x41C;.</subfield>
    <subfield code="3">RU\NLR\AUTH\7954568</subfield>
    <subfield code="4">070</subfield>
    <subfield code="7">ca</subfield>
  </datafield>
  <datafield tag="801" ind1=" " ind2="0">
    <subfield code="a">RU</subfield>
    <subfield code="b">NLR</subfield>
    <subfield code="c">20061010</subfield>
    <subfield code="g">psbo</subfield>
  </datafield>
  <datafield tag="801" ind1=" " ind2="0">
    <subfield code="a">RU</subfield>
    <subfield code="b">NLR</subfield>
    <subfield code="g">PSBO</subfield>
  </datafield>
  <datafield tag="801" ind1=" " ind2="1">
    <subfield code="a">RU</subfield>
    <subfield code="b">NLR</subfield>
    <subfield code="c">20061010</subfield>
    <subfield code="2">rusmarc</subfield>
  </datafield>
  <datafield tag="801" ind1=" " ind2="2">
    <subfield code="a">RU</subfield>
    <subfield code="b">NLR</subfield>
    <subfield code="c">20080222</subfield>
    <subfield code="2">rusmarc</subfield>
  </datafield>
  <datafield tag="852" ind1=" " ind2=" ">
    <subfield code="a">NLR</subfield>
    <subfield code="b">&#x41E;&#x41B;&#x421;&#x410;&#x410;/&#x438;&#x434;&#x438;&#x448;</subfield>
    <subfield code="j">&#x418;-482</subfield>
  </datafield>
  <datafield tag="942" ind1=" " ind2=" ">
    <subfield code="c">BOOK</subfield>
  </datafield>
  <datafield tag="980" ind1=" " ind2=" ">
    <subfield code="a">NB</subfield>
  </datafield>
  <datafield tag="980" ind1="1" ind2=" ">
    <subfield code="a">IDISH</subfield>
  </datafield>
</record>
